Juicio de alimentos (Registro nro. 8877)
[ vista simple ]
| 000 -CABECERA | |
|---|---|
| Longitud fija campo de control | 00591cam a22002171 4500 |
| 001 - NÚMERO DE CONTROL | |
| Número de control | 7125600 |
| 003 - IDENTIFICADOR DELl NÚMERO DE CONTROL | |
| Identificador del número de control | OSt |
| 005 - FECHA Y HORA DE LA ÚLTIMA TRANSACCIÓN | |
| Fecha y hora de la última transacción | 20140719102649.0 |
| 008 - CÓDIGOS DE INFORMACIÓN DE LONGITUD FIJA | |
| Códigos de información de longitud fija | 750228s1997 uy 000 0 spa |
| 020 ## - NÚMERO INTERNACIONAL NORMALIZADO PARA LIBROS | |
| Número Internacional Normalizado para Libros (ISBN) | 950-741-042-2 |
| 040 ## - FUENTE DE LA CATALOGACIÓN | |
| Centro transcriptor | BMC |
| 082 ## - NÚMERO DE LA CLASIFICACIÓN DECIMAL DEWEY | |
| Númeroo de clasificación | 346.0166 |
| 100 1# - PUNTO DE ACCESO PRINCIPAL-NOMBRE DE PERSONA | |
| Nombre de persona | Lagomarsino, Carlos A. R. |
| 9 (RLIN) | 13989 |
| 245 10 - MENCIÓN DE TÍTULO | |
| Título | Juicio de alimentos |
| Mención de responsabilidad, etc. | Carlos A.R. Lagomarsino ; Jorge A. Uriarte |
| 250 ## - MENCIÓN DE EDICIÓN | |
| Mención de edición | 2º ed |
| 260 ## - PUBLICACIÓN, DISTRIBUCIÓN, ETC. (PIE DE IMPRENTA) | |
| Lugar de publicación, distribución, etc. | Buenos Aires |
| Nombre del editor, distribuidor, etc. | Hammurabi |
| Fecha de publicación, distribución, etc. | 1997 |
| 300 ## - DESCRIPCIÓN FÍSICA | |
| Extensión | 340 p. |
| Dimensiones | 23 cm |
| 650 24 - PUNTO DE ACCESO ADICIONAL DE MATERIA - TÉRMINO DE MATERIA | |
| Término de materia o nombre geográfico como elemento inicial | Obligación alimentaria |
| 9 (RLIN) | 16676 |
| 700 1# - PUNTO DE ACCESO ADICIONAL - NOMBRE DE PERSONA | |
| 9 (RLIN) | 15925 |
| Nombre de persona | Uriarte, Jorge Alcides |
| 942 ## - ENTRADA DE ELEMENTOS AGREGADOS (KOHA) | |
| Fuente de clasificaión o esquema | Dewey Decimal Classification |
| Koha [por defecto] tipo de item | 1- Monografias |
| Suprimido | Perdido | Fuente de clasificación o esquema | Estropeado | Restricciones de uso | No para préstamo | Código de colección | Localización permanente | Localización actual | Localización en estanter&íacute;as | Fecha adquisición | Fuente de adquisición | Número de inventario | Préstamos totales | Signatura completa | Código de barras | Fecha última consulta | Coste, precio reemplazado | Fecha del precio de reemplazo | Tipo de item de Koha |
|---|---|---|---|---|---|---|---|---|---|---|---|---|---|---|---|---|---|---|---|
| NULL | NULL | Dewey Decimal Classification | NULL | Prestable | NULL | NULL | Biblioteca Miguel de Cervantes - UNICAES | Biblioteca Miguel de Cervantes - UNICAES | Sala Principal | 12/12/2005 | Donación - Facultad de Ciencias y Humanidades | 014440 | 346.01 LAG jui | 1014440 | 04/04/2014 | 30.00 | 04/04/2014 | 1- Monografias |